Death in the midst of life social and cultural influences on death, grief, and mourning
Guardat en:
| Autor principal: | |
|---|---|
| Format: | Llibre |
| Idioma: | anglès |
| Publicat: |
Prentice Hall,
1988
|
| Etiquetes: |
Afegir etiqueta
Sense etiquetes, Sigues el primer a etiquetar aquest registre!
|
MARC
| LEADER | 00000nam a22000007a 4500 | ||
|---|---|---|---|
| 008 | 201218b ||||| |||| 00| 0 eng d | ||
| 020 | |a : 0-13-197708-3 | ||
| 100 | |a KAMERMAN, Jack B | ||
| 245 | |a Death in the midst of life |b social and cultural influences on death, grief, and mourning |c Jack B. Kamerman. | ||
| 260 | |b Prentice Hall, |c 1988 |d Books |h New Jersey |i 687129 |l HQ1073.5 .U6K12 |m Death – Social aspects – United States. |m Grief. | ||
| 942 | |a lcc |c BK |e Adekanye I. H. |f 18/12/2020 | ||
| 999 | |c 478 |d 478 | ||